Normal view
MARC view
- Internal combustion engines
Entry Topical Term
001 - CONTROL NUMBER
- control field: 83568
003 - CONTROL NUMBER IDENTIFIER
- control field: NUST
005 - DATE AND TIME OF LATEST TRANSACTION
- control field: 20211101101849.0
008 - FIXED-LENGTH DATA ELEMENTS
- fixed length control field: 211101|| aca||aabn | a|a d
040 ## - CATALOGING SOURCE
- Original cataloging agency: NUST
- Transcribing agency: NUST
150 ## - HEADING--TOPICAL TERM
- Topical term or geographic name entry element: Internal combustion engines
- General subdivision: Thermodynamics
670 ## - SOURCE DATA FOUND
- Source citation: Work cat.: (NUST)31606: Ferguson, Colin R. 41847, Internal combustion engines :, 2000.
